Normal view
MARC view
Entry Personal Name
001 - CONTROL NUMBER
- control field: 1103379
003 - CONTROL NUMBER IDENTIFIER
- control field: OSt
005 - DATE AND TIME OF LATEST TRANSACTION
- control field: 20260121173635.0
008 - FIXED-LENGTH DATA ELEMENTS
- fixed length control field: 260121|| aca||aabn | a|a d
040 ## - CATALOGING SOURCE
- Original cataloging agency: OSt
- Transcribing agency: OSt
100 ## - HEADING--PERSONAL NAME
- Personal name: Greg Wiggan
670 ## - SOURCE DATA FOUND
- Source citation: Work cat.: (OSt)1669124: Greg Wiggan, In Search of a Canon
